Southville International School and Colleges
Your cart is empty.
  • Cart
  • Lists
    Public lists Eva Luna New books Lux_list list_1
    Your lists Log in to create your own lists
  • Log in to your account
  • Your cookies
  • Search history
Southville International School and Colleges
  • Advanced search
  • Recent comments
  • Most popular
  • Libraries

Log in to your account

Log in with GOOGLE


If you do not have an external account, but do have a local account, you can still log in:

  1. Home
  2. MARC view: The how to collection :
Normal view MARC view ISBD view

The how to collection : (Record no. 109222)

[ view plain ]
MARC details
000 -LEADER
fixed length control field 00486nam a2200181 a 4500
005 - DATE AND TIME OF LATEST TRANSACTION
control field 20140414093840.0
008 - FIXED-LENGTH DATA ELEMENTS--GENERAL INFORMATION
fixed length control field 071009s19uu xx uuu eng d
020 ## - INTERNATIONAL STANDARD BOOK NUMBER
International Standard Book Number 1-4166-0470-7
050 ## - LIBRARY OF CONGRESS CALL NUMBER
Classification number DVD 370
Item number HOW 2006
245 ## - TITLE STATEMENT
Title The how to collection :
Remainder of title helping new teachers.
260 ## - PUBLICATION, DISTRIBUTION, ETC. (IMPRINT)
Place of publication, distribution, etc Virginia, USA :
Name of publisher, distributor, etc ASCD,
Date of publication, distribution, etc c2006.
300 ## - PHYSICAL DESCRIPTION
Extent 1 video disk
440 ## - SERIES STATEMENT/ADDED ENTRY--TITLE
Title The how to collection
650 ## - SUBJECT ADDED ENTRY--TOPICAL TERM
Topical term or geographic name as entry element Educational video.
650 ## - SUBJECT ADDED ENTRY--TOPICAL TERM
Topical term or geographic name as entry element Curriculum.
942 ## - ADDED ENTRY ELEMENTS (KOHA)
Koha item type Audio Visual Materials
Holdings
Withdrawn status Lost status Damaged status Use restrictions Home library Current library Shelving location Date acquired Source of acquisition Total Checkouts Full call number Barcode Date last seen Price effective from Koha item type
        Luxembourg Library Luxembourg Library Audio Visual Material Section 10/09/2007     DVD 370 HOW 2006 AV0853 04/14/2014 04/14/2014 Audio Visual Materials

The how to collection :

APA

(2006). The how to collection. Virginia, USA: ASCD.

Chicago

2006. The how to collection. Virginia, USA: ASCD.

Harvard

(2006). The how to collection. Virginia, USA: ASCD.

MLA

The how to collection. Virginia, USA: ASCD. 2006.

  • Place hold
  • Print
  • Cite
  • Add to your cart (remove)
  • Save record
    BIBTEX Dublin Core MARCXML MARC (non-Unicode/MARC-8) MARC (Unicode/UTF-8) MARC (Unicode/UTF-8, Standard) MODS (XML) RIS
  • More searches
    Search for this title in:
    Other Libraries (WorldCat) Other Databases (Google Scholar) Online Stores (Bookfinder.com) Open Library (openlibrary.org)

Exporting to Dublin Core...

SOUTHVILLE LIBRARY

Southville International School and Colleges Library

1281 Tropical Ave. Cor. Luxembourg St., BF Homes International, Las Pinas City

Tel. No. 8256374 / 252358 Loc. 117/146

Powered by Koha